Mentiras y verdades (Record no. 168098)

MARC details
000 -LEADER
campo de control de longitud fija 00672nam a22001695i 4500
001 - NÚMERO DE CONTROL
campo de control 168098
003 - IDENTIFICADOR DE NÚMERO DE CONTROL
campo de control ES-MaACL
005 - FECHA Y HORA DE LA ÚLTIMA TRANSACCIÓN
campo de control 20230906213706.0
008 - DATOS DE LONGITUD FIJA--INFORMACIÓN GENERAL
campo de control de longitud fija 010221s1869 sp |||| | spa d
040 ## - FUENTE DE CATALOGACIÓN
Centro catalogador/agencia de origen AN
Lengua de catalogación spa
Centro/agencia transcriptor AN
100 1# - ENTRADA PRINCIPAL--NOMBRE DE PERSONA
Nombre de persona Zacarias, E.P.B.
9 (RLIN) 134005
245 10 - MENCIÓN DEL TÍTULO
Título Mentiras y verdades
Resto del título : opúsculo de mérito mayúsculo, sarcástico y acérrimo, con plétora de artículos irónicos, epígramas y... /
Mención de responsabilidad, etc. original de E.P.B. Zacarias y Cn. Flamilso [sic].
260 ## - PUBLICACIÓN, DISTRIBUCIÓN, ETC.
Lugar de publicación, distribución, etc. Madrid :
Nombre del editor, distribuidor, etc. [s.n.],
Fecha de publicación, distribución, etc. 1869 (
Fabricante Imprenta á cargo de Tomás Alonso)
300 ## - DESCRIPCIÓN FÍSICA
Extensión 221 p. ;
Dimensiones 19 cm.
700 11 - ENTRADA AGREGADA--NOMBRE PERSONAL
Nombre de persona Flamilson, C.N.
9 (RLIN) 127092
852 ## - LOCALIZACIÓN
Ubicación ES-MaACL
Número de control de estantería D-1377
Nota libre .- Legado M. de la Fuente
Holdings
Estatus retirado Estado de pérdida Estado de daño No para préstamo Colección Biblioteca de origen Biblioteca actual Ubicación en estantería Fecha de adquisición Fuente de adquisición Total de préstamos Signatura topográfica completa Código de barras Visto por última vez Precio de reemplazo Tipo de ítem Koha
        Libros del s. XIX Biblioteca del Ateneo de Madrid Biblioteca del Ateneo de Madrid Sala Valle Inclán 17/01/2008     D-1377 901176375 23/02/2023 23/02/2023 Libro impreso antiguo